01523nam a2200349 a 4500001001000000003000500010005001700015008004100032010001100073011001100084040000900095090001000104100004200114245019000156260004100346500006000387502007900447590004000526590004000566650003500606650004500641650003000686650003300716700003600749856007000785901000700855942001000862942000600872999001900878952013600897952014001033000112941CHAP20220329144329.0170222s2016 mx sm |||||||spa d a109402 a110374 cCHAP aTesis1 aFranco Tufiño, Elide Lorena913155410aEfecto de portainjertos y concentraciones de solución nutritiva sobre el rendimiento y calidad de fruto de tomateh[En línea]cElide Lorena Franco Tufiño y Agripin Mejía Osorio. aChapingo, Méx. :bEl autor,c2016. aPara ver el contenido del material haga clic en la liga aTesis (Agr. en Horticultura Protegida) -- UACH. Departamento de Fitotecnia aE5765TAJb05c20170222lUCH01h0918 aE5765TAJb05c20170222lUCH01h091814aSoluciones nutritivas.910852714aTomatexCultivos hidropónicos.912566614aTomatexInjertos.912638014aTomatexRendimiento.91137611 aMejía Osorio, Agripin9131555 aFinding aiduhttp://10.13.5.2/tesis/sist112941.pdfzTeclea aquí aBK cTESIS n0 c109402d109402 00104054718TESISaBCbBCd2017-02-22fTESISl0oTesisp33724002525397r2019-12-31 00:00:00w2019-12-31yTESISzRecien adquirido 00102local4053708TESISaBCbBCcPA_TESISd2017-02-22fTESISl0oTesisp33724002525439r2019-12-31 00:00:00tc.2w2019-12-31yTESIS